00855cam a2200205Ia 4500008004100000020002200041245007300063260007100136300003500207500017700242504004100419650003200460650003700492653002000529700002000549710005300569003000100622005001700623040000900640  a0852953100 (pbk.)00aRemedial processes for contaminated land /cedited by Malcolm Pratt. aRugby, Warwickshire :bInstitution of Chemical Engineers ,cc1993. aviii, 140 p. :bill. ;c21 cm. a"The chapters in this book have been compiled from papers presented at a one-day symposium held by the Institution of Chemical Engineers in London on 31 March 1993"--P. iv. aIncludes bibliographical references. 0aSoil pollutionvCongresses. 0aReclamation of landvCongresses.0 aLandaPollution1 aPratt, Malcolm.2 aInstitution of Chemical EngineerszGreat Britain20230123133243.0 cNUST